00282nam a2200109Ia 4500008004100000041001200041082001100053100002000064245007500084260000600159650000700165221030s9999 xx 000 0 und d aEnglish a105.23 aP. N. Gooderham 0aInternational Management Cross Boundary Challengescby P. N. Gooderham c0 aMb